=LDR 00000nam 2200000 4500 =001 INLIS000000000056439 =005 20200904071221 =035 ##$$a 0010-0920000070 =007 ta =008 200904###########################0#eng## =020 ##$$a 981 204 0935 =082 ##$$a 745.959 8 =084 ##$$a 745.959 8 Bro a =245 1#$$a Antiques, Arts & Crafts in Indonesia /$c Robin Brown =300 ##$$a 224 halaman : $b Ilustrasi ; $c 23 cm =650 #4$$a Seni dekoratif Indonesia =264 ##$$a Singapore :$b Times Books International,$c 1992 =336 ##$$a Teks$2 rdacontent =337 ##$$a lain-lain$2 rdamedia =338 ##$$a lain-lain$2 rdacarrier =990 ##$$a 31903190